Mixed Fuzzy-Logic and Game-Theoretical Approach to Justify Vehicle Models for Servicing the Public Bus Line

V článku je navrhnutý herno-teoretický prístup, aby sa odôvodnil výber modelu autobusu na základe preferencií cestujúcich a štruktúry tokov cestujúcich. Pre odhad preferencií zákazníkov boli definované funkcie členstva pre fuzzy množiny optimálnych modelov vozidiel. Simulačný experiment s cieľom odh...

Ausführliche Beschreibung

Gespeichert in:
Bibliographische Detailangaben
1. Verfasser: Naumov, Vitalii
Weitere Verfasser: Bekmagambetova, Laura, Bitileuova, Zukhra, Zhanbirov, Zhumazhan, Taran, Igor
Format: Buchkapitel
Sprache:Englisch
Schlagworte:
Tags: Tag hinzufügen
Keine Tags, Fügen Sie das erste Tag hinzu!

MARC

LEADER 00000naa a2200000 4500
001 0281866
005 20220211134758.2
041 0 |a eng 
044 |a SK 
245 1 0 |a Mixed Fuzzy-Logic and Game-Theoretical Approach to Justify Vehicle Models for Servicing the Public Bus Line  |c Vitalii Naumov, Laura Bekmagambetova, Zukhra Bitileuova, Zhumazhan Zhanbirov, Igor Taran 
520 |a V článku je navrhnutý herno-teoretický prístup, aby sa odôvodnil výber modelu autobusu na základe preferencií cestujúcich a štruktúry tokov cestujúcich. Pre odhad preferencií zákazníkov boli definované funkcie členstva pre fuzzy množiny optimálnych modelov vozidiel. Simulačný experiment s cieľom odhadnúť štruktúru mestského vozového parku z hľadiska kapacity vozidiel sa uskutočnil pre mesto Talas (Kazachstan). 
610 2 0 |a doprava verejná 
610 2 0 |a organizácia dopravy 
610 2 0 |a optimalizácia 
610 2 0 |a stratégia logistická 
100 1 |a Naumov, Vitalii 
700 1 |a Bekmagambetova, Laura 
700 1 |a Bitileuova, Zukhra 
700 1 |a Zhanbirov, Zhumazhan 
700 1 |a Taran, Igor